00306nam a22001097a 4500020002200000082001200022100002100034245004500055260004100100300001000141650004500151 a978-969-9391-00-2 a297 KHA aKhan, Mansur Ali aDestiny of mankind:islam in 21ST century aLahorebAl-Mansoor Publicationc2009 a370 P aDESTINY OF MANKIND:Islam in 21st Century